La crise religieuse (Registro nro. 26114)

Detalles MARC
000 -LEADER
campo de control de longitud fija 00523nam a2200145 i 4500
001 - NÚMERO DE CONTROL
campo de control 26114
003 - IDENTIFICADOR DE NÚMERO DE CONTROL
campo de control ES-MaACL
007 - CAMPO FIJO DE DESCRIPCIÓN FÍSICA--INFORMACIÓN GENERAL
campo de control de longitud fija t|
008 - DATOS DE LONGITUD FIJA--INFORMACIÓN GENERAL
campo de control de longitud fija 030107s1876 fr ||||1| fre d
100 1# - ENTRADA PRINCIPAL--NOMBRE DE PERSONA
Nombre de persona Arnold, Matthew.
9 (RLIN) 23111
245 13 - MENCIÓN DEL TÍTULO
Título La crise religieuse
Resto del título : (Literature and dogma) /
Mención de responsabilidad, etc. Matthew Arnold ; Traduction exécutée sons la direction de l'aucteur sur la cinquième edition anglaise.
260 ## - PUBLICACIÓN, DISTRIBUCIÓN, ETC.
Lugar de publicación, distribución, etc. París :
Nombre del editor, distribuidor, etc. [s.n.,
Fecha de publicación, distribución, etc. 1876] (
Lugar de fabricación/manufactura Saint-Denis :
Fabricante Ch. Lambert)
300 ## - DESCRIPCIÓN FÍSICA
Extensión XXXII, 374 p. ;
Dimensiones 22 cm.
852 ## - LOCALIZACIÓN
Ubicación ES-MaACL
Número de control de estantería B-1930
Existencias
Estatus retirado Estado de pérdida Estado de daño No para préstamo Colección Biblioteca de origen Biblioteca actual Ubicación en estantería Fecha de adquisición Fuente de adquisición Total de préstamos Signatura topográfica completa Código de barras Visto por última vez Precio de reemplazo Tipo de ítem Koha
        Libros del s. XIX Biblioteca del Ateneo de Madrid Biblioteca del Ateneo de Madrid Sala Pardo Bazán 17/01/2008     B-1930 1026949 23/02/2023 23/02/2023 Libro impreso antiguo